| Tag |
First Indicator |
Second Indicator |
Subfields |
| LEADER |
00000cam a2200000 a 4500 |
| 001 |
in00001170708 |
| 005 |
20151001083440.0 |
| 007 |
he bmb|||baca |
| 008 |
920702s1895 maua b 000 0 eng d |
| 035 |
|
|
|a (OCoLC)26120863
|
| 035 |
|
|
|9 AGF6443AM
|
| 040 |
|
|
|a MIA
|c SA9
|d TXA
|d UtOrBLW
|
| 049 |
|
|
|a TXAI
|
| 099 |
|
|
|a fiche
|a C
|a 13001
|
| 100 |
1 |
|
|a Smith, J. E. A.
|q (Joseph Edward Adams),
|d 1822-1896.
|
| 245 |
1 |
4 |
|a The poet among the hills :
|b Oliver Wendell Holmes in Berkshire : his Berkshire poems, some of them now first published, with historic and descriptive incidents concerning the poems, the poet, and his literary neighbors : his poetic, personal and ancestral relations to the County /
|c by J.E.A. Smith.
|
| 264 |
|
1 |
|a Pittsfield, Mass. :
|b George Blatchford,
|c 1895.
|
| 300 |
|
|
|a 182 pages :
|b illustrations ;
|c 19 cm.
|
| 336 |
|
|
|a text
|b txt
|2 rdacontent
|
| 337 |
|
|
|a microform
|b h
|2 rdamedia
|
| 338 |
|
|
|a microfiche
|b he
|2 rdacarrier
|
| 500 |
|
|
|a Contains material on Hawthorne, Melville, Longfellow, and others.
|
| 510 |
4 |
|
|a Sabin
|c 83330
|
| 533 |
|
|
|a Microfiche.
|b Woodbridge, CT :
|c Research Publications,
|d 1989.
|e 3 microfiches : negative.
|f (Selected Americana from Sabin's Dictionary of books relating to America)
|
| 500 |
|
|
|a Microform.
|
| 600 |
1 |
0 |
|a Holmes, Oliver Wendell,
|d 1809-1894.
|
| 600 |
1 |
0 |
|a Hawthorne, Nathaniel,
|d 1804-1864.
|
| 600 |
1 |
0 |
|a Melville, Herman,
|d 1819-1891.
|
| 600 |
1 |
0 |
|a Longfellow, Henry Wadsworth,
|d 1807-1882.
|
| 999 |
|
|
|a MARS
|
| 999 |
f |
f |
|s c8f64db2-85a1-3f65-bf24-e110b5ae8723
|i e78f6f68-f1bf-3b0b-ba8d-3a3c697d2ae3
|t 0
|
| 952 |
f |
f |
|p default
|a Texas A&M University
|b College Station
|c Sterling C. Evans Library
|d Evans: Microforms (3rd floor)
|t 0
|e fiche C 13001
|h Other scheme
|i microform -- microfiche
|
| 998 |
f |
f |
|a fiche C 13001
|t 0
|l Evans: Microforms (3rd floor)
|